In the vicinity of the righteous : ziyāra and the veneration of Muslim saints in late medieval Egypt /

محفوظ في:

المؤلف الرئيسي: Taylor, Christopher Schurman.

التنسيق: كتاب

اللغة: English

منشور في: Leiden ; Boston : Brill, 1999.

سلاسل: Islamic history and civilization. Studies and texts, 22.

الموضوعات:

الوسوم: إضافة وسم

لا توجد وسوم, كن أول من يضع وسما على هذه التسجيلة!

رقم الطلب: BP188.8 .E3 T39 1999

LEADER 01029nam a2200289 a 4500
003 OSt
005 20251001112958.0
008 980629s1999 ne a b 001 0 eng
010 |a 98030091 
020 |a 9789004110465 
020 |a 9004110461 (cloth : alk. paper) 
040 |c ARCE Library 
043 |a f-ua--- 
050 4 |a BP188.8 .E3 T39 1999 
100 1 |a Taylor, Christopher Schurman. 
245 1 0 |a In the vicinity of the righteous :  |b ziyāra and the veneration of Muslim saints in late medieval Egypt /  |c by Christopher S. Taylor. 
264 1 |a Leiden ;   |a Boston :   |b Brill,   |c 1999. 
300 |a xi, 264 p. :   |b ill. ;   |c 25 cm. 
490 0 |a Islamic history and civilization. Studies and texts,  |x 0929-2403 ;  |v 22. 
504 |a Includes bibliographical references (p. [239]-249) and index. 
650 0 |a Muslim saints  |z Egypt  |x History. 
650 0 |a Saints  |x Cult  |z Egypt  |x History. 
650 0 |a Sufism  |z Egypt  |x History. 
651 0 |a Egypt  |x History  |y 640-1882. 
901 |a reviewed 
942 |2 lcc  |c BK 
999 |c 55099  |d 55099